banner-ar

رحلات جلفر ج2 / (Record no. 45223)

MARC details
000 -الفاتح
حقل البيانات ثابتة الطول 00639nam a2200217Ia 4500
008 - عناصر البيانات ثابتة الطول - معلومات عامة
حقل البيانات ثابتة الطول 140319s9999 xx 000 0 ara d
040 ## - مصدر الفهرسة
وكالة الفهرسة الأصلية GCL /
وكالة النسخ GCL
082 04 - رقم تصنيف ديوى العشرى
رقم التصنيف 823
رقم المادة س ر
100 1# - المدخل الرئيسى - إسم شخصى
الإسم الشخصى محمد ابراهيم
245 10 - بيان العنوان
العنوان رحلات جلفر ج2 /
بيان المسئوليه,etc محمد ابراهيم
700 1# - المدخل الاضافى - اسم شخصى
الإسم الشخصى شكرى محمد عياد
700 1# - المدخل الاضافى - اسم شخصى
الإسم الشخصى سويفت , جوناثان
700 1# - المدخل الاضافى - اسم شخصى
الإسم الشخصى محمد محمد رفاعى
300 ## - الوصف المادى
التعداد 440 ص
490 ## - بيان السلسلة
عنوان السلسلة الالف كتاب
رقم المجلد/ التعيين التسلسلي 0
650 04 - المدخل الاضافى بالموضوع-مصطلح موضوعى
مصطلح موضوعي قصص البطولات
650 04 - المدخل الاضافى بالموضوع-مصطلح موضوعى
مصطلح موضوعي القصص الانجليزية
650 04 - المدخل الاضافى بالموضوع-مصطلح موضوعى
مصطلح موضوعي الادب الانجليزى
942 ## - عناصر المدخل الإضافي( كوها)
مصدر التصنيف او مخطط الترفيف Dewey Decimal Classification
Koha [default] item type كتاب
Holdings
حالة التراجع حالة الفقد حالة تلف ليس للاعارة المكان المؤقت الموقع الحالى تاريخ الاكتساب اجمالي اﻻعارات رقم الطلب الباركود تاريخ اخر مشاهدة تاريخ تفعيل السعر نوع وعاء كوها
        مكتبة القاهرة الكبرى مكتبة القاهرة الكبرى 03/26/2014   823\س ر 110347 03/26/2014 03/26/2014 كتاب

Powered By

EGPV